000 00728nam a2200205 i 4500
001 172475
003 ES-MaACL
005 20230906214928.0
008 090709s1962 fr |||| | fre d
080 _a321.01
080 _a1(44)"1789/1960"
100 1 _aSève, Lucien.
_9141018
245 1 0 _aLa philosophie française contemporaine et sa genèse de 1789 a nos jours ; précédée de Philosophie et politique /
_cLucien Sève.
260 _aParis :
_bÉditions Sociales,
_c[1962]
300 _a351 p. ;
_c23 cm.
500 _aÍndice.
650 4 _aFilosofía-
_zFrancia-
_vHistoria.
_912846
650 4 _aPolítica-
_xFilosofía-
_zFrancia.
_9141019
852 _aES-MaACL
_jE-12789
_z.- Biblioteca Jacinto Martínez Lacalle
999 _c172475
_d172475